<?xml version="1.0" encoding="UTF-8"?><?xml-stylesheet type="text/xsl" href="static/style.xsl"?><OAI-PMH xmlns="http://www.openarchives.org/OAI/2.0/" xmlns:xsi="http://www.w3.org/2001/XMLSchema-instance" xsi:schemaLocation="http://www.openarchives.org/OAI/2.0/ http://www.openarchives.org/OAI/2.0/OAI-PMH.xsd"><responseDate>2026-04-14T06:43:04Z</responseDate><request verb="GetRecord" identifier="oai:www.recercat.cat:20.500.12327/970" metadataPrefix="marc">https://recercat.cat/oai/request</request><GetRecord><record><header><identifier>oai:recercat.cat:20.500.12327/970</identifier><datestamp>2025-10-22T11:02:06Z</datestamp><setSpec>com_2072_4428</setSpec><setSpec>com_2072_4427</setSpec><setSpec>col_2072_487898</setSpec></header><metadata><record xmlns="http://www.loc.gov/MARC21/slim" xmlns:dcterms="http://purl.org/dc/terms/" xmlns:xsi="http://www.w3.org/2001/XMLSchema-instance" xmlns:doc="http://www.lyncode.com/xoai" xsi:schemaLocation="http://www.loc.gov/MARC21/slim http://www.loc.gov/standards/marcxml/schema/MARC21slim.xsd">
   <leader>00925njm 22002777a 4500</leader>
   <datafield ind2=" " ind1=" " tag="042">
      <subfield code="a">dc</subfield>
   </datafield>
   <datafield ind2=" " ind1=" " tag="720">
      <subfield code="a">Devant, Maria</subfield>
      <subfield code="e">author</subfield>
   </datafield>
   <datafield ind2=" " ind1=" " tag="720">
      <subfield code="a">Marti, Sonia</subfield>
      <subfield code="e">author</subfield>
   </datafield>
   <datafield ind2=" " ind1=" " tag="260">
      <subfield code="c">2020-10-18</subfield>
   </datafield>
   <datafield ind2=" " ind1=" " tag="520">
      <subfield code="a">In order to answer the question of whether nutritional interventions may help to reduce&#xd;
the incidence of respiratory disease in dairy beef calves at arrival, the present review is divided in&#xd;
three sections. In the first section, the nutrition of calves previous to the arrival from the origin&#xd;
farm to the final rearing farm is reviewed. In the second section, the possible consequences of this&#xd;
previous nutrition on gut health and immune status upon arrival to the rearing farm are described.&#xd;
The main consequences of previous nutrition and management that these unweaned calves suffer at&#xd;
arrival are the negative energy balance, the increased intestinal permeability, the oxidative stress,&#xd;
the anemia, and the recovery feed consumption. Finally, in the third section, some considerations&#xd;
to advance in future nutritional strategies are suggested, which are focused on the prevention of&#xd;
the negative consequences of previous nutrition and the recovery of the gut and immune status.&#xd;
Moreover, additional suggestions are formulated that will be also helpful to reduce the incidence of&#xd;
bovine respiratory disease (BRD) that are not directly linked to nutrition like having a control golden&#xd;
standard in the studies or designing risk categories in order to classify calves as suitable or not to&#xd;
be transported.</subfield>
   </datafield>
   <datafield ind1="8" ind2=" " tag="024">
      <subfield code="a">Devant, Maria, and Sonia Marti. 2020. "Strategies For Feeding Unweaned Dairy Beef Cattle To Improve Their Health". Animals 10 (10): 1908. doi:10.3390/ani10101908.</subfield>
   </datafield>
   <datafield ind1="8" ind2=" " tag="024">
      <subfield code="a">2076-2615</subfield>
   </datafield>
   <datafield ind1="8" ind2=" " tag="024">
      <subfield code="a">http://hdl.handle.net/20.500.12327/970</subfield>
   </datafield>
   <datafield ind1="8" ind2=" " tag="024">
      <subfield code="a">https://doi.org/10.3390/ani10101908</subfield>
   </datafield>
   <datafield ind2="0" ind1="0" tag="245">
      <subfield code="a">Strategies for Feeding Unweaned Dairy Beef Cattle to Improve Their Health</subfield>
   </datafield>
</record></metadata></record></GetRecord></OAI-PMH>